Match A Beer Quiz Stats

 Plays Quiz Updated Aug 15, 2014

Support Sporcle.
Go Orange.
Score 0/22 Timer 03:00
0 Plays Today
% Correct
Stella
93.8%
Samuel
93.1%
Dos
90.3%
Blue
88.4%
Red
86.9%
Sierra
86.8%
Milwaukee’s
86.8%
San
81.9%
Great
79%
Labatt
73.1%
Goose
69.4%
% Correct
Molson
68.7%
Magic
66.4%
Kirin
66.2%
Dogfish
63.6%
New
57.2%
Iron
55.1%
Pilsner
53.2%
Anchor
51.6%
Old
42.7%
Firestone
32.8%
Hacker
32.1%

You're not logged in!

Compare scores with friends on all Sporcle quizzes.
OR
Log In

From the Vault

NFL Pre-Favre

by ryanmccrystal

Early in his career, one coach had said it would 'take a plane crash for him to put Favre into the game', let's all just be glad it didn't come to that.
Remove Ads.
Support Sporcle.
Get the best of Sporcle when you Go Orange. This ad-free experience offers more features, more stats, and more fun while also helping to support Sporcle. Thank you for becoming a member.

Show Comments

Extras

Top Quizzes Today


Score Distribution

Your Account Isn't Verified!

In order to create a playlist on Sporcle, you need to verify the email address you used during registration. Go to your Sporcle Settings to finish the process.

Report this User

Report this user for behavior that violates our Community Guidelines.

Details: